Demografía costeña. Notas sobre la historia demográfica y población actual de los grupos étnicos de la costa atlántica nicaragüense /
Uloženo v:
| Korporace: | , |
|---|---|
| Médium: | Text |
| Vydáno: |
S.D.:
S.D.
|
| Tagy: |
Přidat tag
Žádné tagy, Buďte první, kdo vytvoří štítek k tomuto záznamu!
|
MARC
| LEADER | 00000 a a2200000 04500 | ||
|---|---|---|---|
| 001 | 20859 | ||
| 003 | |||
| 040 | |||
| 090 | |a 089200 | ||
| 110 | |a Centro de Investigaciones y Documentación de la Costa Atlántica | ||
| 245 | |a Demografía costeña. Notas sobre la historia demográfica y población actual de los grupos étnicos de la costa atlántica nicaragüense / |c Centro de Investigaciones y Documentación de la Costa Atlántica | ||
| 260 | |a S.D.: |b S.D. | ||
| 300 | |a 58 p. | ||
| 710 | |a CIDCA | ||
| 999 | |c 17008 |d 17008 | ||
